Responses for Show #7105 - Friday, July 3, 2015

Contestants

[<< previous game]

Erik Siwak, a writer originally from Detroit, Michigan

Hilary Carney, a rehabilitation specialist from Bonita Springs, Florida

Jon Lubin, an attorney originally from Stony Brook, New York (whose 1-day cash winnings total $15,599)

[next game >>]

Jeopardy! Round responses

NAMES FOR YOUR DOG
CAR TUNES
CHARLESTONS
DESIGNER INITIALS
CANADIAN INVENTORS
HETERONYMS
(Alex: Heteronyms are words that have different meanings, are pronounced differently, but are spelled the same.)
    $200 2
Zeus

Jon
    $200 20
"Little Red Corvette"

Erik
    $200 6
West Virginia

Jon
    $200 8
Calvin Klein

Hilary
    $200 17
a wheelchair

Erik
    $200 14
produce [pruh-DEUCE] & produce [PRO-deuce]

Hilary
    $400 3
(Alex: Yeah. You want to call your dog [*]? I don't know.)
(Jon: Not me. That's for sure.)

Oreo

Jon
    $400 21
Bruce Springsteen

Erik
    $400 7
South Carolina

Erik
    $400 9
Coco Chanel

Erik
    $400 29
(Hilary: What is a defibrillator?)
[The end-of-round signal sounds.]

a pacemaker

HilaryErik
    $400 18
buffet [BUF-fit] & buffet [buf-FAY]

Jon
    $600 4
Bella

Hilary
    $600 22
Billy Ocean

Erik
    $600 13
(Alex: That's it. And you're on the plus side with $400.)

Illinois

Erik
    $600 10
Tommy Hilfiger

Hilary
    $1,200 19
(Jon: What is fragrant [FROG-rent] and fragrant [FRAY-grent]?)

incense [ins-ENSE] & incense [IN-sense]

Jon
    $800 1
(Alex: Interesting, a clue about you and Clinton and Hillary. Okay, go.)

Buddy

Hilary
    $800 23
whitewalls

Triple Stumper
    $800 15
Missouri

Hilary
    $800 11
Giorgio Armani

Hilary
    $800 27
[Erik gave the latter two listed responses.]

a manikin (a resuscitation doll or Resuscitation Annie accepted)

Erik
    $800 26
(Hilary: [*]?)
(Alex: Remember your phrasing.)
(Hilary: What is [*]?)
(Alex: Thank you.)
(Hilary: Excuse me, Alex.)
(Alex: That's all right.)

contract [KAHN-tract] & contract [kin-TRACT]

Hilary
    $1000 5
(Erik: Uh, what is... it's gone.)
(Alex: Oh, it didn't come to you.)

Gizmo

Erik
Triple Stumper
    $1000 24
(Alex: That's it, with a minute to go.)

a gravel road

Hilary
    $1000 16
Arkansas

Triple Stumper
    $1000 12
(Alex: You did well in the category. You're in the lead with $4,000. Go again.)

Marc Jacobs

Hilary
    $1000 28
Plexiglas

Triple Stumper
    $1000 25
perfect [PER-fikt] & perfect [per-FEKT]

Erik

Scores at the first commercial break (after clue 15):

Jon Hilary Erik
$800 $5,000 $400

Scores at the end of the Jeopardy! Round:

Jon Hilary Erik
$0 $6,400 $4,000

Double Jeopardy! Round responses

A BRIEF ILLNESS
ROLE IN COMMON
PRESIDENTS OF FRANCE
LIBRARIES
NOVEL CHARACTERS
FEELIN' "GRU"VY
    $400 18
hepatitis A

Hilary
    $400 13
Titanic

Erik
    $400 25
Charles de Gaulle

Hilary
    $400 6
the Declaration of Independence

Erik
    $400 7
Oliver Twist

Hilary
    $400 1
congruent

Jon
    $800 22
adult onset

Jon
    $800 14
Ian McKellen

Erik
    $800 27
Sarkozy

Hilary
    $800 12
(Alex: Yeah. It's all electronic stuff.)

books

Hilary
    $800 8
Nineteen Eighty-Four

Erik
    $800 2
gruesome

Hilary
    $2,400 23
(Jon: Uh, congenital fetal syndrome.)
(Alex: No. Perhaps you're suffering from it--[*].)

chronic fatigue syndrome

Jon
    $1200 15
Julianne Moore

Erik
    $1200 28
(François) Hollande

Jon
    $1200 19
Carnegie

Jon
    $1200 9
(Alex: And that's why he becomes [*].)

Lady Chatterley's Lover

Triple Stumper
    $1200 3
gruden

Hilary
    $1600 24
the Middle East

Erik
    $1600 16
Martin Freeman

Hilary
    $1600 29
the Élysée Palace

Triple Stumper
    $1600 20
Jerome Robbins

Erik
    $4,000 10
The Count of Monte Cristo

Erik
    $1600 4
Gruyère

Hilary
    $2000 26
thrombosis

Erik
    $2000 17
Stand By Me

Erik
    $2000 30
(François) Mitterrand

Triple Stumper
    $2000 21
Benjamin Harrison

Erik
    $2000 11
A Confederacy of Dunces

Hilary
    $2000 5
Pantagruel

Hilary

Scores at the end of the Double Jeopardy! Round:

Jon Hilary Erik
$1,200 $18,400 $20,800

[wagering suggestions for these scores]

Final Jeopardy! Round responses

NORTH AMERICAN RIVERS
(Alex: [To Erik] No. It's a tributary of the Yukon. What happened in Canada in the 1890s? The Gold Rush.)
JonWhat is the St. Lawrence? Good game
$0
HilaryWhat is the Yukon River?
$12,000
ErikWhat is the Yukon?
$16,100
the Klondike River

Final scores:

Jon Hilary Erik
$1,200 $6,400 $4,700
3rd place: $1,000 New champion: $6,400 2nd place: $2,000

Game dynamics:

Coryat scores:

Jon Hilary Erik
$4,800 $18,400 $18,400
8 R,
2 W
(including 2 DDs)
21 R,
1 W
21 R
(including 1 DD),
1 W

Combined Coryat: $41,600

[game clues] [game scores] [suggest correction]

Game tape date: Unknown
The J! Archive is created by fans, for fans. Scraping, republication, monetization, and malicious use prohibited; this site may use cookies and collect identifying information. See terms. The Jeopardy! game show and all elements thereof, including but not limited to copyright and trademark thereto, are the property of Jeopardy Productions, Inc. and are protected under law. This website is not affiliated with, sponsored by, or operated by Jeopardy Productions, Inc. Join the discussion at JBoard.tv.